000 00452nam a22001457a 4500
008 131203b xxu||||| |||| 00| 0 eng d
020 _a0370103998
050 _aHV9575.N716W53
100 _aWicker, Tom
_94765
245 _aA Time to die
_bThe Attica Prison revolt
260 _aLondon
_bBodley Head
_c1975
300 _a342p.
_c21cm
650 _aAttica Correctional Facility; Prison riots - New York (State) - Attica
_94766
942 _2lcc
_cMONOGRAPH
999 _c118958
_d118958